Normal view
MARC view
Entry Personal Name
001 - CONTROL NUMBER
- control field: 83412
003 - CONTROL NUMBER IDENTIFIER
- control field: dpl
005 - DATE AND TIME OF LATEST TRANSACTION
- control field: 20250728141831.0
008 - FIXED-LENGTH DATA ELEMENTS
- fixed length control field: 250728|| aca||aabn | a|a d
040 ## - CATALOGING SOURCE
- Original cataloging agency: dpl
- Transcribing agency: dpl
100 ## - HEADING--PERSONAL NAME
- Personal name: गोयल, शशि
670 ## - SOURCE DATA FOUND
- Source citation: Work cat.: (dpl)212669: गोयल, शशि, नेह बंध की देहरी/, 2015
